| 000 | 00457nam a22001937a 4500 | ||
|---|---|---|---|
| 003 | LK-CoDNM | ||
| 005 | 20250121130905.0 | ||
| 008 | 250116b |||||||| |||| 00| 0 eng d | ||
| 040 |
_aLK-CoDNM _dLK-CoDNM _eLK-CoDNM |
||
| 041 | _aeng | ||
| 080 |
_a11 _bX22 |
||
| 100 | _aLe Goc, J | ||
| 245 | _aLe goc centripetal and centrifugal xylems in cycads | ||
| 260 | _c1914 | ||
| 300 | _b10p. ; 25 cm | ||
| 650 | _aScience | ||
| 650 | _a1914 | ||
| 942 | _cBK | ||
| 999 |
_c237171 _d237171 |
||